000 01389nam0a22003131 4500
001 rc\4868951
005 20250613023249.0
021 _aRU
_b[60-49741]
035 _a(NLR Aleph) 008909507
090 _a8754517
_c8754517
100 _a20130426d1960 |||y0rusy50 ca
101 1 _arus
_ceng
102 _aRU
105 _aa z |||||
200 1 _aНаучное использование искусственных спутников Земли
_eСборник статей
_fПер. с англ. О.П. Крамер и Г.С. Иванова-Холодного
210 _aМосква
_cИзд-во иностр. лит.
_d1960
215 _a401 с., 1 л. черт.
_cил.
_d21
300 _aДоп. тит. л.: Scientific uses of Earth satellites. 2 d rev. ed. Ed. by James A. Van Allen. Ann Arbor, The univ. of Michigan press, 1958
320 _aБиблиогр. в конце статей
513 0 _aScientific uses of Earth satellites
606 _aИскусственные спутники Земли
_xНаблюдения
_jСборники
_2psbo
702 1 _aКрамер
_bО.П.
_4730
702 1 _4730
_7ca
_8rus
_aИванов-Холодный
_bГ. С.
_f1928-2016
_gГор Семенович
_9229956
_3RU\NLR\AUTH\770230012
801 0 _aRU
_bNLR
_gpsbo
801 1 _aRU
_bELAR
_2rusmarc
852 _aNLR
_j60-3/3422
942 _cBOOK
980 _aNB